[Event "Olympiad-45"]
[Site "Budapest"]
[Date "2024.09.13"]
[Round "3.64"]
[White "Bagheri, Amir"]
[Black "Thomas, Saah"]
[Result "1-0"]
[WhiteElo "2372"]
[BlackElo "1939"]
[PlyCount "111"]
[EventDate "2024.09.11"]
[EventType "team-swiss"]
[EventRounds "11"]
[EventCountry "HUN"]
[SourceTitle "EXT 2025"]
[Source "ChessBase"]
[SourceDate "2024.10.14"]
[SourceVersion "1"]
[SourceVersionDate "2024.10.14"]
[SourceQuality "1"]
[WhiteTeam "Monaco"]
[BlackTeam "Liberia"]
[WhiteTeamCountry "MNC"]
[BlackTeamCountry "LBR"]

1. d4 Nf6 2. Nf3 d5 3. c4 e6 4. g3 b6 5. cxd5 exd5 6. Nc3 Be7 7. Bg2 0-0 8. 0-0 Bb7 9. Ne5 a6 10. Bf4 c5 11. dxc5 bxc5 12. Qb3 Ra7 13. Rfd1 c4 14. Nxc4 Ba8 15. Ne3 Rb7 16. Nexd5 Rxb3 17. Nxf6+ Bxf6 18. Rxd8 Rxd8 19. axb3 g5 20. Bxg5 Bxg5 21. Bxa8 Bf6 22. Bb7 Rd7 23. Bc8 Ra7 24. b4 Nc6 25. Rxa6 Rxa6 26. Bxa6 Nxb4 27. Bc4 Bd4 28. e3 Ba7 29. Ne4 Kg7 30. Nd6 f6 31. Kg2 Nc2 32. Ne8+ Kh8 33. Kf3 Bb8 34. Ke4 Be5 35. b3 Nb4 36. Kf5 Bc3 37. Nxf6 Be1 38. Ne4 Kg7 39. h4 h6 40. g4 Nc6 41. Ke6 Bb4 42. Ng3 Be1 43. Nf5+ Kg6 44. h5+ Kg5 45. f4+ Kxg4 46. Be2+ Kh3 47. Nxh6 Kg2 48. Nf5 Kf2 49. Bb5 Nb4 50. h6 Kf3 51. h7 Bc3 52. Nd4+ Kxe3 53. h8Q Bxd4 54. Qh3+ Kxf4 55. Qh4+ Ke3 56. Qe1+ 1-0

[Event "Africa zt 4.2 op"]
[Site "Dimbokro"]
[Date "2023.03.31"]
[Round "9"]
[White "Manan, Yoboue Hermann"]
[Black "Thomas, Saah"]
[Result "1-0"]
[WhiteElo "2015"]
[BlackElo "1916"]
[PlyCount "141"]
[EventDate "2023.03.25"]
[EventType "swiss"]
[EventRounds "9"]
[EventCountry "IVO"]
[SourceTitle "CBM 213 Extra"]
[Source "ChessBase"]
[SourceDate "2023.05.31"]
[SourceVersion "1"]
[SourceVersionDate "2023.05.31"]
[SourceQuality "1"]

1. e4 c5 2. Nf3 Nc6 3. Bb5 Nd4 4. Nxd4 cxd4 5. 0-0 a6 6. Ba4 g6 7. d3 Bg7 8. Nd2 b5 9. Bb3 Bb7 10. Qg4 Nf6 11. Qh4 e5 12. f4 d6 13. fxe5 dxe5 14. Nf3 Nd7 15. Qxd8+ Kxd8 16. Ng5 f6 17. Ne6+ Ke7 18. Nxg7 Nc5 19. Bd5 Bxd5 20. exd5 Rhg8 21. Ne6 Nxe6 22. dxe6 Kxe6 23. Bd2 Rac8 24. Rac1 Rgd8 25. Ba5 Rd5 26. Rf2 f5 27. Re1 Rb8 28. a3 g5 29. Ref1 f4 30. g3 Rg8 31. gxf4 gxf4+ 32. Rg2 Rg6 33. Kf2 Rc5 34. c3 Rd5 35. Rxg6+ hxg6 36. Ke2 g5 37. h3 Kf5 38. cxd4 Rxd4 39. Bc3 Rd5 40. Rh1 Rd7 41. Re1 Rh7 42. Kf2 Rxh3 43. Rxe5+ Kg4 44. Rd5 Rh2+ 45. Kg1 Rh6 46. Bb4 Re6 47. Kf2 Re3 48. Bc5 Rf3+ 49. Ke2 Rh3 50. Bf2 Rh1 51. Rc5 Rb1 52. Rc2 Rh1 53. d4 Rh8 54. d5 Rd8 55. Rd2 Re8+ 56. Kd3 Kf3 57. Bb6 Re7 58. Kd4 g4 59. d6 Rf7 60. Ke5 g3 61. d7 Re7+ 62. Kd6 Rxd7+ 63. Kxd7 Ke4 64. Kc7 a5 65. Kc6 b4 66. axb4 axb4 67. Kb5 f3 68. Kxb4 Kf4 69. Kc4 Kg4 70. Bd4 g2 71. Bg1 1-0

[Event "Africa zt 4.2 op"]
[Site "Dimbokro"]
[Date "2023.03.30"]
[Round "7"]
[White "Kolliemelen, Daniel"]
[Black "Thomas, Saah"]
[Result "1-0"]
[WhiteElo "1805"]
[BlackElo "1916"]
[PlyCount "145"]
[EventDate "2023.03.25"]
[EventType "swiss"]
[EventRounds "9"]
[EventCountry "IVO"]
[SourceTitle "CBM 213 Extra"]
[Source "ChessBase"]
[SourceDate "2023.05.31"]
[SourceVersion "1"]
[SourceVersionDate "2023.05.31"]
[SourceQuality "1"]

1. d4 c5 2. c3 e6 3. e4 b6 4. Be3 Bb7 5. Nd2 Nf6 6. f3 cxd4 7. cxd4 Bb4 8. Bd3 Nc6 9. Ne2 d5 10. e5 Nd7 11. 0-0 f5 12. f4 h6 13. Ng3 h5 14. Nf3 h4 15. Ne2 Be7 16. a3 a6 17. b4 b5 18. Nd2 h3 19. g3 Qb6 20. Bf2 g5 21. Nb3 Kf7 22. Nc5 Nf8 23. Qc2 Bc8 24. Rac1 Nd8 25. Be3 Nh7 26. Qd2 Rg8 27. fxg5 Nxg5 28. Nf4 Ne4 29. Bxe4 dxe4 30. Nxe4 Qb7 31. Nc5 Bxc5 32. Rxc5 Nc6 33. Nxh3 Ne7 34. Ng5+ Kg6 35. Nh3 Qe4 36. Rf4 Qb1+ 37. Rc1 Qb3 38. Rh4 Bb7 39. Nf4+ Kf7 40. Rh7+ Rg7 41. Rxg7+ Kxg7 42. Rc7 Qb1+ 43. Qc1 Qe4 44. Rxe7+ Kg8 45. Rxb7 Qxb7 46. Nxe6 Qf3 47. Bf2 Qh5 48. Qg5+ Qxg5 49. Nxg5 Kg7 50. d5 Kg6 51. Nf3 a5 52. Bc5 axb4 53. axb4 Kh5 54. h3 Ra3 55. Kf2 Ra2+ 56. Ke3 Kg6 57. Kf4 Rc2 58. Nh4+ Kf7 59. Nxf5 Kg6 60. Ne3 Rf2+ 61. Ke4 Re2 62. h4 Re1 63. g4 Rh1 64. h5+ Kf7 65. Kf5 Rh2 66. e6+ Ke8 67. d6 Rd2 68. h6 Rh2 69. g5 Kd8 70. Bb6+ Kc8 71. d7+ Kb7 72. e7 Rf2+ 73. Ke4 1-0

[Event "Africa-ch Amateur U2300"]
[Site "Freetown"]
[Date "2019.09.05"]
[Round "2.4"]
[White "Thomas, Saah"]
[Black "James, Tondo"]
[Result "1-0"]
[WhiteElo "1733"]
[BlackElo "1923"]
[PlyCount "65"]
[EventDate "2019.09.04"]
[EventType "tourn"]
[EventRounds "9"]
[EventCountry "SIE"]
[SourceTitle "EXT 2024"]
[Source "ChessBase"]
[SourceDate "2023.10.10"]
[SourceVersion "1"]
[SourceVersionDate "2023.10.10"]
[SourceQuality "1"]

1. e4 c5 2. Nc3 d6 3. f4 Nc6 4. Nf3 Bg4 5. Bb5 a6 6. Bxc6+ bxc6 7. h3 Bd7 8. 0-0 Qb6 9. Na4 Qa7 10. c4 g6 11. d3 Bg7 12. Be3 Rb8 13. Qd2 Qb7 14. Rab1 Qb4 15. Nc3 h5 16. e5 Nh6 17. a3 Qb3 18. Ne4 Nf5 19. exd6 exd6 20. g4 hxg4 21. hxg4 Nxe3 22. Qxe3 Be6 23. Nxd6+ Kd7 24. Ne4 Qb6 25. Ne5+ Bxe5 26. Nxc5+ Ke7 27. Qxe5 Rh3 28. f5 gxf5 29. Rxf5 Rbh8 30. Rxf7+ Kxf7 31. Rf1+ Kg6 32. Rf6+ Kh7 33. Qe4+ 1-0

[Event "Olympiad-43"]
[Site "Batumi"]
[Date "2018.09.25"]
[Round "2.3"]
[White "Eichab, Charles Sidney"]
[Black "Thomas, Saah"]
[Result "1-0"]
[WhiteElo "2016"]
[BlackElo "1791"]
[PlyCount "67"]
[EventDate "2018.09.24"]
[EventType "team-swiss"]
[EventRounds "11"]
[EventCountry "GEO"]
[SourceTitle "CBM 187"]
[Source "ChessBase"]
[SourceDate "2018.12.11"]
[SourceVersion "1"]
[SourceVersionDate "2018.12.11"]
[SourceQuality "1"]
[WhiteTeam "Namibia"]
[BlackTeam "Liberia"]
[WhiteTeamCountry "NAM"]
[BlackTeamCountry "LBR"]

1. c4 c5 2. g3 e5 3. Bg2 Ne7 4. Nc3 d6 5. d3 h6 6. e4 g6 7. Nge2 Bg7 8. 0-0 Nbc6 9. f4 0-0 10. Nd5 Nxd5 11. cxd5 Ne7 12. fxe5 dxe5 13. Be3 b6 14. Qd2 Kh7 15. b4 cxb4 16. Qxb4 Bg4 17. Rf2 Rc8 18. Nc3 Qd7 19. Raf1 f6 20. Nb5 g5 21. a4 h5 22. Nd6 Rcd8 23. Nc4 Kg6 24. h3 h4 25. hxg4 hxg3 26. Rf3 Qxg4 27. Qe1 Qd7 28. Qxg3 Qxa4 29. Nxe5+ Kh7 30. Qh3+ Kg8 31. Qe6+ Kh7 32. Rh3+ Bh6 33. Qxe7+ Kg8 34. Rxh6 1-0